000 00614nam a2200169 a 4500
008 060316s1987 ||||||||||||||||| || u
020 _a0408025905
050 _aTK 2551 Pow
100 _aHochart, Bernard
245 1 0 _aPower transformer handbook
_cedited by Bernard Hochart
260 _aLondon
_bButterworths
_c1987
300 _a290 p. : ill.
350 _a0.00
650 _aELECTRIC TRANSFORMERS--HANDBOOKS, MANUALS, ETC
700 _aDavison, C. E
995 _D0.00
_FCBU-MAIN LIBRARY (Kitwe)
_H1
_I38.00
_UAVAILABLE
_ZMain Library Open Access Collection
999 _c54191
_d54191